Text book of hotel engineering (Record no. 233645)

MARC details
000 -LEADER
fixed length control field 00375pam a2200145 a 4500
020 ## - INTERNATIONAL STANDARD BOOK NUMBER
International Standard Book Number 978-81-804-093-9
Terms of availability
041 ## - LANGUAGE CODE
Language code of original
082 ## - DEWEY DECIMAL CLASSIFICATION NUMBER
Classification number 647.940682
Item number GUP
100 ## - MAIN ENTRY--PERSONAL NAME
Personal name Prof R.C Gupta.
245 ## - TITLE STATEMENT
Title Text book of hotel engineering
Medium Textual Documents
250 ## - EDITION STATEMENT
Edition statement 1st ed /
Remainder of edition statement 2015.
260 ## - PUBLICATION, DISTRIBUTION, ETC.
Place of publication, distribution, etc. new delhi
Name of publisher, distributor, etc. AMAN PUBLICATIONS PRIVATE LIMITED
300 ## - PHYSICAL DESCRIPTION
Extent 217.
930 ## - EQUIVALENCE OR CROSS-REFERENCE-UNIFORM TITLE HEADING [LOCAL, CANADA]
Uniform title 6248
Holdings
Withdrawn status Lost status Source of classification or shelving scheme Damaged status Not for loan Home library Current library Date acquired Source of acquisition Cost, normal purchase price Total Checkouts Full call number Barcode Date last seen Copy number Price effective from Koha item type
    Dewey Decimal Classification     Institute of Hotel Management & Catering Technology, Pune Institute of Hotel Management & Catering Technology, Pune 16/02/2022 Bharati Madyavarti Sahakari Grahak Bhandar 375.00   647.940682 GUP HMP-T-1375 07/03/2023 5 07/03/2023 Book
    Dewey Decimal Classification     Institute of Hotel Management & Catering Technology, Pune Institute of Hotel Management & Catering Technology, Pune 16/02/2022 Bharati Madyavarti Sahakari Grahak Bhandar 375.00   647.940682 GUP HMP-T-1374 07/03/2023 4 07/03/2023 Book
    Dewey Decimal Classification     Institute of Hotel Management & Catering Technology, Pune Institute of Hotel Management & Catering Technology, Pune 16/02/2022 Bharati Madyavarti Sahakari Grahak Bhandar 375.00   647.940682 GUP HMP-T-1373 07/03/2023 3 07/03/2023 Book
    Dewey Decimal Classification     Institute of Hotel Management & Catering Technology, Pune Institute of Hotel Management & Catering Technology, Pune 16/02/2022 Bharati Madyavarti Sahakari Grahak Bhandar 375.00   647.940682 GUP HMP-T-1372 07/03/2023 2 07/03/2023 Book
    Dewey Decimal Classification     Institute of Hotel Management & Catering Technology, Pune Institute of Hotel Management & Catering Technology, Pune 16/02/2022 Bharati Madyavarti Sahakari Grahak Bhandar 375.00   647.940682 GUP HMP-T-1371 07/03/2023 1 07/03/2023 Book